000 00372nam a2200157Ia 4500
008 230917s9999||||xx |||||||||||||| ||und||
040 _e160451
_aMAIN
041 _aEnglish
082 _a338.4791 D535I
100 _aDhar, Prem Nath
245 0 _aInternational tourism
250 _a2nd ed.
260 _aNew Delhi
_bKanishka
_c2006
300 _a326 p.
942 _cBK
999 _c129907
_d129907